000 005950000a22001930004500
090 _aAS
_bSERIADAS
245 1 0 _aPeces demersales del Parque Nacional Natural Gorgona y su área de influencia, Pacífico Colombiano
651 4 _pColombia
_992749
690 _aPeces
_992349
690 _aListas de especies
_928152
690 _aInventarios de peces
_997463
041 0 _aEspañol
041 0 _aInglés
044 _aColombia
700 1 _aZapata P., Luis Alfonso
_9100422
100 1 _aRojas M., Paola Andrea
_9100423
942 _cARTICULO
773 1 _tBiota Colombiana
_h2
_q211-244
_d2006
_g7
999 _c16237
_d16237